000 00279nam a2200121Ia 4500
008 190216s9999||||xx |||||||||||||| ||und||
100 _aMadavan Ns
245 0 _aHigwitta
260 _bCalicut University Central Co-Operative
300 _a94
650 _aKathakal
942 _cBK
999 _c27114
_d27114